| 000 | 01143nam a2200217Ia 4500 | ||
|---|---|---|---|
| 999 |
_c39732 _d39732 |
||
| 001 | 6337 | ||
| 003 | GE_BSU | ||
| 005 | 20190628211022.0 | ||
| 008 | 181216s1978||||ge |||||||||||||| ||geo|| | ||
| 041 | _ageo | ||
| 080 | _a62.83(075.8) კ-41 | ||
| 100 |
_aკერვალიშვილი,ო. _93117 |
||
| 245 |
_aელექტროამძრავების ავტომატური მართვისა და რეგულირების საფუძვლები : დამხმ. სახელმძღვ. / _cო. კერვალიშვილი ; რედ : ე.კირვალიძე. |
||
| 264 |
_aთბილისი : _bსპი, _c1978. |
||
| 300 |
_a76 გვ.: _bნახაზ. _c20 სმ. |
||
| 300 | _eნახაზ. | ||
| 504 | _aბიბლიოგრ.:გვ.75 | ||
| 653 | _aელექტროამძრავების ავტომატური მართვისა და რეგულირების საფუძვლები | ||
| 700 |
_aკირვალიძე, ე _eრედაქტორი _93118 |
||
| 942 |
_cBK _2udc |
||